Stories for the heart. (Record no. 2027)

000 -LEADER
fixed length control field 00472nam a2200157 a 4500
001 - CONTROL NUMBER
control field :::00018326$&:&@@
003 - CONTROL NUMBER IDENTIFIER
control field OkBaRHE
005 - DATE AND TIME OF LATEST TRANSACTION
control field 20100327141120.0
008 - FIXED-LENGTH DATA ELEMENTS--GENERAL INFORMATION
fixed length control field s1996 j 000 0 eng u
040 ## - CATALOGING SOURCE
Transcribing agency
100 1# - MAIN ENTRY--PERSONAL NAME
Personal name Gray, Alice
245 10 - TITLE STATEMENT
Title Stories for the heart.
260 ## - PUBLICATION, DISTRIBUTION, ETC. (IMPRINT)
Place of publication, distribution, etc Sisters, Oregon
Name of publisher, distributor, etc Mulmomah Books
Date of publication, distribution, etc 1996
942 ## - ADDED ENTRY ELEMENTS (KOHA)
Source of classification or shelving scheme
Koha item type Books
Copies
Damaged status Not for loan Barcode Price effective from Full call number Source of classification or shelving scheme Permanent Location Withdrawn status Collection code Date last seen Shelving location Copy number Lost status Date acquired Koha item type
  183262010-04-14BV 4512.2 .M665 1996 RHEMA Bible Training College Reference2010-04-14General Stacks1 2010-04-14Books